000
00264nam a22001217a 4500
008
180921b xxu||||| |||| 00| 0 eng d
041
_a
eng
080
_a
316
100
_a
50
101
_a
SOC
245
_a
Infertility In Women
_c
Kleegman S.J
942
_2
udc
_c
BK
999
_c
48155
_d
48155